|
|
|
|
| LEADER |
00000nab a2200000 ar4500 |
| 001 |
vtls010107416 |
| 003 |
SK-MaSNL |
| 005 |
20260319070650.0 |
| 008 |
100621c2010 xo |||||||| 000 b|hun |
| 015 |
|
|
|a SNBRB2010/06
|2 snkbucl
|
| 038 |
|
|
|a SNKBUCL
|
| 040 |
|
|
|a DSZK
|b slo
|c DSZK
|e AACR2
|
| 041 |
0 |
|
|a hun
|
| 044 |
|
|
|a xo
|c SK
|
| 080 |
|
|
|a 72/.76.071.1
|2 2001
|
| 080 |
|
|
|a 069.02:73/77
|x (437.6)
|2 2001
|
| 080 |
|
|
|a 061.4
|2 2001
|
| 100 |
1 |
|
|a Székely, Zoltán,
|d 1970-
|4 aut
|9 762402
|
| 245 |
1 |
0 |
|a Köszöntő
|c Székely Zoltán
|
| 300 |
|
|
|b Fotogr.
|
| 500 |
|
|
|a Článok je úryvkom z prejavu na vernisáži, autor je kunsthistorikom
|
| 610 |
2 |
7 |
|a Flesch Károly Kulturális Központ (Mosonmagyaróvár, Maďarsko)
|2 snkbucl
|9 1083154
|
| 611 |
2 |
7 |
|a KOMP
|g výstava
|d (2010 :
|c Mosonmagyaróvár, Maďarsko)
|2 snkbucl
|9 1083155
|
| 648 |
|
7 |
|a 2010
|2 snkbucl
|9 324355
|
| 650 |
0 |
7 |
|a putovné výstavy
|2 snkbucl
|9 477113
|
| 650 |
0 |
7 |
|a výstavy
|2 SNKPH
|9 2780
|
| 773 |
0 |
|
|t Atelier
|g Évf. XIII, sz. 2 (2010), o. 38-39
|x 1336-1678
|
| 852 |
|
|
|a SNK
|b KIS3GCP
|
| 852 |
|
|
|a DSZK
|b KIS3GCP
|
| 958 |
|
|
|a HU
|
| 958 |
|
|
|a SK
|
| 999 |
|
|
|c 1782018
|d 1783948
|